[Event "POL-ch Blitz U18 Girls"]
[Site "Bydgoszcz"]
[Date "2023.08.31"]
[Round "8"]
[White "Opalka, Marta"]
[Black "Walewska, Natalia"]
[Result "0-1"]
[WhiteElo "1362"]
[BlackElo "1188"]
[PlyCount "94"]
[EventDate "2023.08.28"]
[EventType "swiss"]
[EventRounds "9"]
[EventCountry "POL"]
[SourceTitle "EXT 2024"]
[Source "ChessBase"]
[SourceDate "2023.10.10"]
[SourceVersion "1"]
[SourceVersionDate "2023.10.10"]
[SourceQuality "1"]

1. d4 d5 2. Nf3 Nf6 3. e3 e6 4. Bd3 Be7 5. b3 0-0 6. Bb2 b6 7. Ne5 Bb7 8. Nd2 Nbd7 9. 0-0 Nxe5 10. dxe5 Nd7 11. f4 c5 12. Qh5 g6 13. Qh6 Re8 14. g4 Bf8 15. Qh3 Bg7 16. Nf3 h6 17. Rad1 Qc7 18. c4 dxc4 19. Bxc4 Rad8 20. Bb5 a6 21. Be2 Nf8 22. Nd2 b5 23. Bf3 Nd7 24. Ne4 Bxe4 25. Bxe4 Nb6 26. Qg2 Re7 27. Rxd8+ Qxd8 28. Qc2 Rd7 29. Qxc5 Rd2 30. Bc3 Rxa2 31. Bf3 Nd5 32. Rd1 Bf8 33. Qc6 Qh4 34. Rd2 Qe1+ 35. Kg2 Rxd2+ 36. Bxd2 Qxd2+ 37. Kg3 Qxe3 38. Qxa6 Qxf4+ 39. Kf2 Qxh2+ 40. Ke1 Nf4 41. Qxb5 Qg1+ 42. Kd2 Qd4+ 43. Kc2 Nd5 44. Bxd5 exd5 45. b4 Qc4+ 46. Qxc4 dxc4 47. Kc3 Kg7 0-1